000 03251cam a2200289 4500500
005 20260405001833.0
041 _afre
042 _adc
100 1 0 _aRychalski, Aude
_eauthor
700 1 0 _aEvon, Juliette
_eauthor
700 1 0 _aGavoille, Franck
_eauthor
245 0 0 _aConsidérer les émotions dans l’expérience collaborateur : une étude exploratoire auprès d’éducateurs spécialisés
260 _c2024.
500 _a23
520 _aÀ travers une étude qualitative exploratoire menée auprès d’éducateurs spécialisés, cet article contribue à clarifier le concept d’expérience collaborateur en considérant sa dimension émotionnelle. La littérature en gestion des ressources humaines (GRH) est tout d’abord abordée et suggère la place des émotions dans l’expérience collaborateur mais sans avoir fait l’objet d’une recherche en tant que telle. Dans cette perspective, la littérature en marketing, qui démontre largement le lien entre les concepts d’émotion et d’expérience client, est mobilisée comme clé de lecture. Nos résultats permettent d’établir un processus émotionnel selon un chaînage antécédents – émotion – conséquences dans l’expérience collaborateur. Ils ouvrent la discussion sur ce concept, proposent d’y intégrer l’expérience émotionnelle du collaborateur et suggèrent l’intérêt pour la GRH de mobiliser les travaux issus du marketing pour mieux appréhender les comportements des collaborateurs. L’article se conclut en abordant les apports théoriques et managériaux de cette recherche, ses limites et évoque les voies de recherches futures envisageables.
520 _aThrough an exploratory qualitative study conducted with rehabilitation counselors, this article helps to clarify the concept of employee experience by considering its emotional dimension. Human resource management (HRM) literature is first examined, suggesting the role of emotions in the employee experience, but without having been the subject of any research as such. From this perspective, the marketing literature, which largely shows the link between the concepts of emotion and customer experience, is mobilized as a key to considering the existence of emotions in the employee experience. Our results make it possible to establish an emotional process based on an antecedent-emotion-consequence chain in the employee experience. They open up a discussion on this concept, proposing that the employee’s emotional experience be integrated into it and suggesting that HRM consider works from the field of marketing to better understand employee behaviors. The article concludes with a discussion of the theoretical and managerial contributions of this research, its limitations, and possible avenues for future research.
690 _aéducateur spécialisé
690 _aémotions
690 _aexpérience client
690 _aexpérience collaborateur
690 _acustomer experience
690 _aemotions
690 _aemployee experience
690 _arehabilitation counselor
786 0 _n@GRH | 49 | 4 | 2024-02-13 | p. 49-70 | 2034-9130
856 4 1 _uhttps://shs.cairn.info/revue-agrh1-2023-4-page-49?lang=fr&redirect-ssocas=7080
999 _c2051592
_d2051592